000 01113nam0a22002771 4500
001 rc\761615
005 20040301142652.4
035 _a(NLR Aleph) 006289301
090 _a7132526
_c7132526
100 _a20040301d1985 u |0rusy50 ca
101 0 _arus
102 _aRU
105 _aa |||||||||
200 1 _aНокардиоподобные и коринеподобные бактерии
_fО.А. Нестеренко, Е.И. Квасников, Т.М. Ногина
210 _aКиев
_cНаукова думка
_d1985
215 _a334 с.
_cил.
_d21
300 _aВ надзаг.: АН УССР, Ин-т микробиологии и вирусологии им. Д.К. Заболотного
320 _aБиблиогр.: с. 303-331 (671 назв.)
700 1 _aНестеренко
_bО. А.
_gОльга Алексеевна
701 1 _aКвасников
_bЕ. И.
_gЕвгений Иванович
701 1 _aНогина
_bТ. М.
_gТаисия Михайловна
801 0 _aRU
_bNLR
_gpsbo
801 1 _aRU
_bELAR
_2rusmarc
852 _aNLR
_j86-5/978
942 _cBOOK
980 _aNB